Statistics for Countries That Have Michelin 3-Star Restaurants

Click here to take the quiz!

General Stats

  • This quiz has been taken 185 times
    (160 since last reset)
  • The average score is 16 of 18

Answer Stats

No. of 3-star restaurantsCountry% Correct
25France
98%
8Italy
98%
26Japan
98%
9Spain
98%
4United Kingdom
98%
14United States
98%
1China
95%
6(Hong Kong )
95%
1(Macao )
95%
10Germany
92%
3Switzerland
85%
1Norway
84%
3Belgium
82%
2Netherlands
82%
1Denmark
80%
2South Korea
80%
1Singapore
67%
1Monaco
37%

Score Distribution

Percentile by Number Answered

Percent of People with Each Score

Your Score History

You have not taken this quiz since the last reset